000 00458nam a2200181Ia 4500
008 230711s9999||||xx |||||||||||||| ||und||
020 _a978-81-8473-561-1
041 _aENG
082 _a615.58
_bHE-C
100 _aHerfindal,Eric T
245 0 _aClinical Pharmacy and Therapeutics
250 _a4th Ed.
260 _c1988
_aNew Delhi
_bWolters Kluwer(India) Pvt.Ltd
300 _a1096p.
650 _aPharmacy
700 _aGourley,Dick R
942 _cBK
999 _c7111
_d7111